000255689 001__ 255689
000255689 005__ 20250125224838.0
000255689 0247_ $$aG:(GEPRIS)366825508$$d366825508
000255689 035__ $$aG:(GEPRIS)366825508
000255689 040__ $$aGEPRIS$$chttp://gepris.its.kfa-juelich.de
000255689 150__ $$aStochastische Spiele mit singulären Kontrollen und optimalem Stoppen (C04)$$y2017 -
000255689 371__ $$aProfessor Giorgio Ferrari, Ph.D.
000255689 450__ $$aSFB 1283 C04$$wd$$y2017 -
000255689 5101_ $$0I:(DE-588b)2007744-0$$aDeutsche Forschungsgemeinschaft$$bDFG
000255689 550__ $$0G:(GEPRIS)317210226$$aSFB 1283: Unsicherheit beherrschen und Zufall sowie Unordnung nutzen in Analysis, Stochastik und deren Anwendungen$$wt
000255689 680__ $$a
000255689 909CO $$ooai:juser.fz-juelich.de:922292$$pauthority$$pauthority:GRANT
000255689 909CO $$ooai:juser.fz-juelich.de:922292
000255689 980__ $$aG
000255689 980__ $$aAUTHORITY